00623nam a2200193 i 450000100060000000300090000600700030001500800410001808000100005924500370006926000450010630000200015149000440017150501000021570000220031570000300033783000410036785200210040898493ES-MaACLt|050923s1952 sp ||||1| lat d a1(02)00aPhilosophiae Scholasticae summa. aMadrid : bEditorial Católica, c1952. a1 v. ; c20 cm.1 aBiblioteca de autores cristianos ; v928 aContiene: v.3. Theodicea. Ethica / auctoribus Iosepho Hellin, Irenaeo González .- XXV, 915 p.1 aHellín, José.1 aGonzález Moral, Ireneo.00aBiblioteca de autores cristianosv92 aES-MaACLjE-4202